000 00338nam a2200121Ia 4500
008 190216s9999||||xx |||||||||||||| ||und||
100 _aGupta Pp And Bhave M L
245 0 _aHydrodynamics Theory Of Function Of Complex Variables And Linear Algebra
260 _bS Chand & Co
_c1982
300 _a52p
650 _aMathematics
942 _cBK
999 _c30826
_d30826